000 00579nam a2200193Ia 4500
005 20250508163535.0
008 008 250505s9999 xx 000 0 hin d
037 _aDissertations
040 _aFEDL
_beng
_cFEDL
041 _ahin
_2eng
084 _a407, RAJ/DI
_qFEDL
100 _aRaj Shekhar
245 0 _aPrathamik ster par nyuntam addhigam ster ke sandarbh mein bhasha-shikshan ke udeshyon ka addhyan
260 _c1997
300 _a73p.
546 _aM.Ed. Dissertation (Delhi University)
942 _cDIS
_h407, RAJ/DI
999 _c1383961
_d1383961